[Event "Muensterland Regionalliga 1920"]
[Site "Germany"]
[Date "2020.02.22"]
[Round "7.8"]
[White "Oskamp, Dieter"]
[Black "Miethe, Christoph"]
[Result "1/2-1/2"]
[WhiteElo "1287"]
[BlackElo "1771"]
[PlyCount "23"]
[EventDate "2019.09.07"]
[EventType "team-tourn"]
[EventRounds "7"]
[EventCountry "GER"]
[SourceTitle "EXT 2023"]
[Source "ChessBase"]
[SourceDate "2022.10.05"]
[SourceVersion "1"]
[SourceVersionDate "2022.10.05"]
[SourceQuality "1"]
[WhiteTeam "Metelen"]
[BlackTeam "Rheine Klein Berlin"]
[WhiteTeamCountry "GER"]
[BlackTeamCountry "GER"]

1. d4 d5 2. c4 e6 3. Nc3 Nf6 4. Bf4 Bb4 5. e3 Ne4 6. Qc2 0-0 7. Bd3 f5 8. Nf3 Nc6 9. 0-0 Bxc3 10. bxc3 Qe7 11. Ne5 Nxe5 12. Bxe5 1/2-1/2

[Event "Muensterland Verbandsklasse 1516"]
[Site "Germany"]
[Date "2016.04.30"]
[Round "8.5"]
[White "Moor, Daniel"]
[Black "Miethe, Christoph"]
[Result "1/2-1/2"]
[WhiteElo "1774"]
[BlackElo "1712"]
[PlyCount "114"]
[EventDate "2015.09.19"]
[EventType "team"]
[EventRounds "9"]
[EventCountry "GER"]
[SourceTitle "EXT 2017"]
[Source "ChessBase"]
[SourceDate "2016.10.25"]
[SourceVersion "1"]
[SourceVersionDate "2016.10.25"]
[SourceQuality "1"]
[WhiteTeam "Ochtrup"]
[BlackTeam "Rheine Klein Berlin II"]
[WhiteTeamCountry "GER"]
[BlackTeamCountry "GER"]

1. e4 e5 2. Nf3 Nf6 3. Nc3 Nc6 4. d4 exd4 5. Nd5 d6 6. Nxd4 Nxd5 7. exd5 Nxd4 8. Qxd4 Qe7+ 9. Be3 Qe5 10. Bb5+ Kd8 11. 0-0-0 Qxd4 12. Bxd4 Bd7 13. Bd3 c6 14. dxc6 bxc6 15. Rhe1 d5 16. Be5 f6 17. Bg3 g6 18. Re2 Bh6+ 19. Kb1 Re8 20. Rde1 Rxe2 21. Rxe2 Bf8 22. Ba6 Bc8 23. Bd3 Kd7 24. Bh4 Bg7 25. Re3 Rb8 26. Be2 Rb4 27. Bg3 f5 28. c3 Re4 29. Rxe4 dxe4 30. f3 exf3 31. Bxf3 g5 32. Bf2 g4 33. Be2 a6 34. Bc5 Be5 35. Bd3 Ke6 36. g3 Kd5 37. Be3 c5 38. Kc1 c4 39. Bc2 h5 40. Kd2 h4 41. Bf2 f4 42. gxh4 g3 43. hxg3 fxg3 44. Bg1 Bf4+ 45. Ke1 g2 46. Kf2 Bh3 47. Kf3 Be5 48. Be4+ Ke6 49. Kf2 Bf6 50. Kg3 Bf5 51. Bxf5+ Kxf5 52. Bf2 Ke4 53. Kxg2 Kd3 54. Be1 Kc2 55. b3 cxb3 56. axb3 Bxh4 57. Bxh4 Kxc3 1/2-1/2

[Event "Muensterland Verbandsklasse 1516"]
[Site "Germany"]
[Date "2015.11.28"]
[Round "3.5"]
[White "Robers, Frank"]
[Black "Miethe, Christoph"]
[Result "0-1"]
[WhiteElo "1701"]
[BlackElo "1712"]
[PlyCount "100"]
[EventDate "2015.09.19"]
[EventType "team"]
[EventRounds "9"]
[EventCountry "GER"]
[SourceTitle "EXT 2017"]
[Source "ChessBase"]
[SourceDate "2016.10.25"]
[SourceVersion "1"]
[SourceVersionDate "2016.10.25"]
[SourceQuality "1"]
[WhiteTeam "Gescher"]
[BlackTeam "Rheine Klein Berlin II"]
[WhiteTeamCountry "GER"]
[BlackTeamCountry "GER"]

1. e4 e5 2. Nf3 Nf6 3. Bc4 Nc6 4. d3 Be7 5. Nc3 0-0 6. a3 d6 7. Bg5 a6 8. h3 Be6 9. Bxf6 Bxf6 10. Nd5 Bxd5 11. Bxd5 Rb8 12. 0-0 Ne7 13. Bb3 c6 14. Re1 Ng6 15. g3 Qd7 16. Kg2 d5 17. c4 dxc4 18. dxc4 Rfd8 19. Qe2 c5 20. Rad1 Qc6 21. Rd5 Ne7 22. Rxd8+ Rxd8 23. Rd1 Qb6 24. Ba4 h6 25. Rxd8+ Qxd8 26. Qd2 Qxd2 27. Nxd2 Nc8 28. Bc2 Be7 29. Nf1 Bg5 30. b3 Bc1 31. a4 Nd6 32. Bd3 Kf8 33. Kf3 g6 34. Ke2 f5 35. f3 f4 36. g4 g5 37. Kd1 Bb2 38. Kc2 Bd4 39. Nd2 Ke7 40. Nb1 Nc8 41. Na3 Na7 42. Kd1 Kd6 43. Be2 Nc6 44. Nc2 Bc3 45. Bf1 Na5 46. Na3 Bb4 47. Nc2 Nxb3 48. Bd3 Kc6 49. Ne1 Bxe1 50. Kxe1 Nd4 0-1

[Event "Neuenkirchen SFN CC-ch"]
[Site "Neuenkirchen"]
[Date "2011.09.16"]
[Round "1"]
[White "Miethe, Christoph"]
[Black "Beckmann, Klaus"]
[Result "0-1"]
[WhiteElo "1866"]
[BlackElo "2134"]
[PlyCount "120"]
[EventDate "2011.09.16"]
[EventType "tourn"]
[EventRounds "9"]
[EventCountry "GER"]
[SourceTitle "EXT 2013"]
[Source "ChessBase"]
[SourceDate "2012.11.22"]
[SourceVersion "1"]
[SourceVersionDate "2012.11.22"]
[SourceQuality "1"]

1. e4 c5 2. c3 Nf6 3. e5 Nd5 4. d4 cxd4 5. cxd4 d6 6. Nf3 Nc6 7. h3 e6 8. a3 Qc7 9. Bd3 dxe5 10. dxe5 Nxe5 11. Bb5+ Bd7 12. Bxd7+ Nxd7 13. 0-0 Be7 14. Bg5 Bxg5 15. Nxg5 h6 16. Ne4 0-0 17. Nbc3 Nxc3 18. Nxc3 Nf6 19. Rc1 Rfd8 20. Qe2 Qa5 21. Rfd1 a6 22. Qf3 Rxd1+ 23. Rxd1 Qc7 24. Qd3 Rc8 25. a4 Qb6 26. Rd2 Qb4 27. Qd4 Qxd4 28. Rxd4 Kf8 29. f3 Ke7 30. Rd2 Rc4 31. Kf2 Nd7 32. Ne4 Rc6 33. b3 f5 34. Ng3 Rb6 35. Rd3 Nc5 36. Re3 f4 37. Nf5+ Kf6 38. Rc3 Nxb3 39. Nd6 Rxd6 40. Rxb3 Rd2+ 41. Kf1 Ra2 42. Rxb7 Rxa4 43. Rb2 Rd4 44. Ra2 Rd6 45. h4 g5 46. hxg5+ hxg5 47. Ke2 Kf5 48. Kf2 e5 49. g4+ Ke6 50. Ke2 Kd7 51. Ra5 Ke6 52. Ra2 Kd5 53. Kd2 e4 54. fxe4+ Ke5+ 55. Ke2 Kxe4 56. Ra5 f3+ 57. Kf2 Rd2+ 58. Kf1 Kf4 59. Rxa6 Kxg4 60. Ra4+ Kg3 0-1